000 00715nam a2200265Ia 4500
005 20260121165338.0
008 008 260114s9999 xx 000 0 eng d
020 _a9789811052668
037 _aEBOOK
040 _aCRL
040 _beng
040 _cCRL
041 _2eng
041 _aeng
084 _qCRL
100 _aMastura Jaafar, Azlan Raofuddin Nuruddin, Syed Putra Syed Abu Bakar
_91050565
245 0 _aBusiness Sustainability Model for Malaysian Housing Developers
260 _bSpringer
260 _bSpringer
260 _c2018
856 _uhttps://link.springer.com/openurl?genre=book&isbn=978-981-10-5266-8
942 _cEBOOK
999 _c1616290
_d1616290